000 01857cam a22004694i 4500
003 PE-LiUPU
005 20250731172938.0
008 150623s1975 nyua rb 000 0 eng d
020 _a0385053169
035 _a(Sirsi) i9780385053167
040 _aPE-LiUPU
_bspa
_cPE-LiUPU
_erda
049 _aPRUA
082 0 4 _a220.7
_bAB1975
_221
100 1 _aCampbell, Edward F.,
_eautor.
245 1 0 _aRuth :
_ba new translation with introduction, notes and commentary.
_n7 /
_cEdward F. Campbell.
264 1 _aNew York :
_bDoubleday,
_c1975.
300 _a188 páginas :
_bilustraciones fotos ;
_c24 centímetros.
336 _atext
_2rdacontent
337 _aunmediated
_2rdamedia
338 _avolume
_2rdacarrier
490 1 _aThe Anchor Bible ;
_v7
504 _aIncluye bibliografía.
505 0 _aIntroduction -- A family of sojourners (1:1-5) -- Returning home (1:6-22) -- Amid Alien corn? (2:1-23) -- The encounter at the threshing floor (3:1-18) -- The resolution at the city gate (4:1-12) -- "A son is born to Naomi!" (4:13-17) -- A genealogical appendix (4:18-22).
526 _aSEG42
526 _aSEG41
526 _aSEG40
526 _aSEG39
526 _aP94
526 _aP87
526 _aP86
526 _aP85
526 _aP77
526 _aP76
526 _aP35
630 _aBiblia.
_pA.T.
_pRuth
_xComentarios.
942 _2ddc
_cBOOK
949 _a220.7 AB 7 1975
_wDEWEY
_c1
_i44446
_d2015-10-13
_e2015-10-12
_lCCODEBUL1
_mBUL
_n3
_r0
_sY
_tBOOK
_u2015-6-24
_xTEOLOGIA
_PP35
_0COMPRA
_o.STAFF. Colección Teología
994 _aC0
_bPEPRU
596 _a1
999 _a220.7 AB 7 1975
_wDEWEY
_c21324
_i44446
_d21324
_e2015-10-12
_f2021-11-9
_g5
_lCCODEBUL1
_mBUL
_n3
_p60.00
_q1
_r0
_sY
_tBOOK
_u2015-6-24
_xTEOLOGIA
_PP35
_0COMPRA
_o.STAFF. Colección Teología
980 _81
_gALBERTO SANCHEZ Responsable de Automatización